[Event "WLS-ch"]
[Site "Cardiff"]
[Date "1980.12.28"]
[Round "1"]
[White "Cooper, John G"]
[Black "Williams, A Howard"]
[Result "1/2-1/2"]
[WhiteElo "2368"]
[BlackElo "2415"]
[PlyCount "46"]
[EventDate "1980.12.28"]
[EventType "tourn"]
[EventRounds "7"]
[EventCountry "WLS"]
[SourceTitle "BritBase"]
[SourceDate "1999.11.01"]
[SourceVersionDate "1999.11.01"]
[SourceQuality "1"]

1. d4 Nf6 2. Nf3 b6 3. Bg5 e6 4. e4 h6 5. Bxf6 Qxf6 6. Nc3 Bb7 7. Qd2 Bb4 8.
Bd3 c5 9. a3 cxd4 10. axb4 dxc3 11. bxc3 Nc6 12. O-O O-O 13. Ba6 Bxa6 14. Rxa6
Rac8 15. c4 Qb2 16. c3 Qb3 17. Nd4 Qxc4 18. Rfa1 Rfd8 19. h3 Nb8 20. Rxa7 Qxc3
21. Qxc3 Rxc3 22. Rb7 Rc4 23. Nf3 Nc6 1/2-1/2

[Event "WLS-ch"]
[Site "Cardiff"]
[Date "1980.12.28"]
[Round "1"]
[White "Cunningham, Philip"]
[Black "Botterill, George Steven"]
[Result "1-0"]
[WhiteElo "2216"]
[BlackElo "2430"]
[PlyCount "67"]
[EventDate "1980.12.28"]
[EventType "tourn"]
[EventRounds "7"]
[EventCountry "WLS"]
[SourceTitle "BritBase"]
[SourceDate "1999.11.01"]
[SourceVersionDate "1999.11.01"]
[SourceQuality "1"]

1. d4 Nf6 2. c4 e6 3. Nf3 c5 4. d5 exd5 5. cxd5 d6 6. Nc3 g6 7. Nd2 Nbd7 8. e4
Bg7 9. Be2 O-O 10. O-O a6 11. a4 Re8 12. Qc2 Ne5 13. b3 g5 14. Bb2 Bd7 15. Kh1
Rb8 16. Nd1 b5 17. axb5 axb5 18. Ne3 Ng6 19. f3 Qb6 20. Rfe1 h5 21. Bf1 h4 22.
g3 hxg3 23. hxg3 Nh5 24. Kg2 Bd4 25. Nf5 Bxf5 26. exf5 Ngf4+ 27. gxf4 Nxf4+ 28.
Kg3 Bf2+ 29. Kg4 Rxe1 30. Rxe1 Bxe1 31. Ne4 Nxd5 32. Qh2 Ne3+ 33. Kxg5 Qd8+ 34.
Bf6 1-0

[Event "WLS-ch"]
[Site "Cardiff"]
[Date "1980.12.28"]
[Round "1"]
[White "James, Stephen C"]
[Black "Johnston, Dafydd"]
[Result "1/2-1/2"]
[WhiteElo "2080"]
[BlackElo "2300"]
[PlyCount "44"]
[EventDate "1980.12.28"]
[EventType "tourn"]
[EventRounds "7"]
[EventCountry "WLS"]
[SourceTitle "BritBase"]
[SourceDate "1999.11.01"]
[SourceVersionDate "1999.11.01"]
[SourceQuality "1"]

1. e4 e5 2. Nf3 Nc6 3. Bb5 a6 4. Ba4 d6 5. d4 b5 6. Bb3 Nxd4 7. Nxd4 exd4 8.
Bd5 Rb8 9. Bc6+ Bd7 10. Bxd7+ Qxd7 11. Qxd4 Nf6 12. O-O c5 13. Qd3 Be7 14. Bg5
O-O 15. Nc3 Rfe8 16. Rfe1 Qc6 17. Rad1 c4 18. Qd4 Rbd8 19. Re2 Rd7 20. Rde1 h6
21. Bh4 g5 22. Bg3 Qc5 1/2-1/2

[Event "WLS-ch"]
[Site "Cardiff"]
[Date "1980.12.28"]
[Round "1"]
[White "Sully, David John"]
[Black "Jones, Iolo Cerredig"]
[Result "1/2-1/2"]
[WhiteElo "2185"]
[BlackElo "2380"]
[PlyCount "45"]
[EventDate "1980.12.28"]
[EventType "tourn"]
[EventRounds "7"]
[EventCountry "WLS"]
[SourceTitle "BritBase"]
[SourceDate "1999.11.01"]
[SourceVersionDate "1999.11.01"]
[SourceQuality "1"]

1. Nf3 Nf6 2. g3 d6 3. Bg2 e5 4. d3 Be7 5. c4 O-O 6. Nc3 c6 7. O-O Nbd7 8. Bd2
a5 9. Rc1 Ne8 10. d4 f5 11. dxe5 dxe5 12. e4 f4 13. gxf4 exf4 14. Ne2 Nc5 15.
Nxf4 Nxe4 16. Be3 Qxd1 17. Rfxd1 Bd6 18. Rd4 Bxf4 19. Rxe4 Bxe3 20. Rxe3 Nd6
21. c5 Nf5 22. Re5 Bd7 23. Rd1 1/2-1/2

[Event "WLS-ch"]
[Site "Cardiff"]
[Date "1980.12.29"]
[Round "2"]
[White "Botterill, George Steven"]
[Black "Sully, David John"]
[Result "1/2-1/2"]
[WhiteElo "2430"]
[BlackElo "2185"]
[PlyCount "147"]
[EventDate "1980.12.28"]
[EventType "tourn"]
[EventRounds "7"]
[EventCountry "WLS"]
[SourceTitle "BritBase"]
[SourceDate "1999.11.01"]
[SourceVersionDate "1999.11.01"]
[SourceQuality "1"]

1. d4 Nf6 2. c4 g6 3. Nc3 d5 4. Nf3 Bg7 5. Bg5 Ne4 6. Bh4 Nxc3 7. bxc3 dxc4 8.
e3 b5 9. a4 c6 10. Be2 a6 11. O-O O-O 12. Nd2 Be6 13. Bf3 Ra7 14. Qc2 f5 15.
Rfe1 Bf6 16. Bg3 Qd7 17. e4 fxe4 18. Nxe4 Bf5 19. Qd2 Bxe4 20. Rxe4 c5 21. Bg4
Qb7 22. Rae1 Nc6 23. Be6+ Kh8 24. d5 Nd8 25. Qh6 Nxe6 26. Rxe6 Raa8 27. d6 exd6
28. Bxd6 Qg7 29. Bxf8 Rxf8 30. Qxg7+ Kxg7 31. Rxa6 b4 32. cxb4 cxb4 33. Ra7+
Kg8 34. Rc7 c3 35. Rb7 c2 36. Kf1 Rc8 37. a5 c1=Q 38. Rxc1 Rxc1+ 39. Ke2 Ra1
40. Rxb4 Rxa5 41. h4 Kf7 42. g3 Ke6 43. Kf3 Be7 44. Rb6+ Kf7 45. Rb2 Rc5 46.
Kg2 h5 47. Re2 Rb5 48. Re4 Kf6 49. Re2 Bd6 50. Re3 Rb2 51. Rf3+ Ke6 52. Kf1 Bc5
53. Kg2 Rd2 54. Kf1 Ke5 55. Kg2 Rd6 56. Rc3 Bd4 57. Ra3 Rf6 58. f3 Bc5 59. Ra4
Rd6 60. Re4+ Kd5 61. Re2 Rb6 62. Rd2+ Ke5 63. f4+ Ke4 64. Re2+ Be3 65. Ra2 Rb1
66. Ra4+ Bd4 67. Rc4 Rb2+ 68. Kh3 Rd2 69. Ra4 Rd1 70. Kg2 Rd2+ 71. Kh3 Rb2 72.
Rc4 Kd5 73. Ra4 Ke4 74. Rc4 1/2-1/2

[Event "WLS-ch"]
[Site "Cardiff"]
[Date "1980.12.29"]
[Round "2"]
[White "Cooper, John G"]
[Black "Cunningham, Philip"]
[Result "1-0"]
[WhiteElo "2368"]
[BlackElo "2216"]
[PlyCount "91"]
[EventDate "1980.12.28"]
[EventType "tourn"]
[EventRounds "7"]
[EventCountry "WLS"]
[SourceTitle "BritBase"]
[SourceDate "1999.11.01"]
[SourceVersionDate "1999.11.01"]
[SourceQuality "1"]

1. d4 Nf6 2. c4 e6 3. Nc3 d5 4. Bg5 Nbd7 5. e3 c6 6. Nf3 Qa5 7. cxd5 Nxd5 8.
Qd2 Nxc3 9. bxc3 Nb6 10. Bd3 Nd5 11. O-O Qxc3 12. Qe2 Bd6 13. Nd2 Qa5 14. e4 h6
15. Be3 Nf4 16. Bxf4 Bxf4 17. Nc4 Qd8 18. e5 Bg5 19. Nd6+ Kf8 20. Qf3 f5 21.
Qh5 Qd7 22. d5 cxd5 23. Bb5 Qe7 24. f4 a6 25. Bd3 Bh4 26. g3 Bf6 27. Nxc8 Rxc8
28. Rac1 Rc6 29. exf6 Qxf6 30. Qe2 Kf7 31. Rb1 Qd4+ 32. Kg2 b5 33. Rfd1 Qf6 34.
Qh5+ g6 35. Qe2 Rhc8 36. a4 bxa4 37. Qa2 a3 38. Qxa3 Rc3 39. Qxa6 g5 40. Rb7+
Kg6 41. Qa4 g4 42. Qd7 Kh5 43. h3 Rxd3 44. hxg4+ Kxg4 45. Qg7+ Qg5 46. Rxd3 1-0

[Event "WLS-ch"]
[Site "Cardiff"]
[Date "1980.12.29"]
[Round "2"]
[White "Jones, Iolo Cerredig"]
[Black "James, Stephen C"]
[Result "1-0"]
[WhiteElo "2380"]
[BlackElo "2080"]
[PlyCount "45"]
[EventDate "1980.12.28"]
[EventType "tourn"]
[EventRounds "7"]
[EventCountry "WLS"]
[SourceTitle "BritBase"]
[SourceDate "1999.11.01"]
[SourceVersionDate "1999.11.01"]
[SourceQuality "1"]

1. c4 g6 2. d4 Bg7 3. Nc3 d6 4. Nf3 Nc6 5. d5 Nb8 6. e4 a5 7. Be3 Na6 8. h3 e5
9. a3 f5 10. Bd3 f4 11. Bd2 g5 12. Qc2 h5 13. O-O-O Nc5 14. Rdg1 g4 15. hxg4
hxg4 16. Rxh8 Bxh8 17. Rh1 Bf6 18. Ne1 Qe7 19. Be2 Bh4 20. Nd3 Nxd3+ 21. Bxd3
Qf6 22. Nb5 Kd8 23. c5 1-0

[Event "WLS-ch"]
[Site "Cardiff"]
[Date "1980.12.30"]
[Round "3"]
[White "Cunningham, Philip"]
[Black "Williams, A Howard"]
[Result "1/2-1/2"]
[WhiteElo "2216"]
[BlackElo "2415"]
[PlyCount "81"]
[EventDate "1980.12.28"]
[EventType "tourn"]
[EventRounds "7"]
[EventCountry "WLS"]
[SourceTitle "BritBase"]
[SourceDate "1999.11.01"]
[SourceVersionDate "1999.11.01"]
[SourceQuality "1"]

1. e4 c5 2. Nf3 Nc6 3. Bb5 e6 4. O-O Nge7 5. Re1 a6 6. Bf1 d5 7. exd5 Nxd5 8.
d4 cxd4 9. Nxd4 Ndb4 10. Nxc6 Qxd1 11. Rxd1 Nxc6 12. Be3 Be7 13. Nc3 O-O 14.
Ne4 Nb4 15. Rd2 b5 16. Bc5 Bxc5 17. Nxc5 Ra7 18. a3 Nd5 19. c4 bxc4 20. Bxc4
Nb6 21. Be2 a5 22. Rd6 Nd7 23. Rc1 Rc7 24. b4 axb4 25. axb4 g5 26. Bb5 Ne5 27.
Ra1 Kg7 28. h3 Kf6 29. Ra8 Ke7 30. Rb6 Nd7 31. Rc6 Rxc6 32. Bxc6 Nxc5 33. bxc5
Rd8 34. Ra7+ Kf6 35. Bb5 e5 36. c6 Rd1+ 37. Kh2 Rc1 38. Kg3 Rc5 39. Ba4 e4 40.
Ra8 Be6 41. Rh8 {(sealed, draw agreed without resumption).} 1/2-1/2

[Event "WLS-ch"]
[Site "Cardiff"]
[Date "1980.12.30"]
[Round "3"]
[White "James, Stephen C"]
[Black "Botterill, George Steven"]
[Result "1/2-1/2"]
[WhiteElo "2080"]
[BlackElo "2430"]
[PlyCount "50"]
[EventDate "1980.12.28"]
[EventType "tourn"]
[EventRounds "7"]
[EventCountry "WLS"]
[SourceTitle "BritBase"]
[SourceDate "1999.11.01"]
[SourceVersionDate "1999.11.01"]
[SourceQuality "1"]

1. e4 d6 2. Nc3 g6 3. g3 Bg7 4. Bg2 c5 5. d3 Nc6 6. Nge2 e6 7. O-O Nge7 8. Be3
Nd4 9. f4 O-O 10. g4 f5 11. gxf5 exf5 12. Ng3 Be6 13. Nd5 fxe4 14. Nxe7+ Qxe7
15. dxe4 Nc6 16. c3 Na5 17. Qc2 Nc4 18. Bc1 Rad8 19. b3 Nb6 20. f5 Bf7 21. fxg6
hxg6 22. Bf4 Be5 23. Bh6 Bg7 24. Bf4 Be5 25. Bh6 Bg7 1/2-1/2

[Event "WLS-ch"]
[Site "Cardiff"]
[Date "1980.12.30"]
[Round "3"]
[White "Johnston, Dafydd"]
[Black "Jones, Iolo Cerredig"]
[Result "0-1"]
[WhiteElo "2300"]
[BlackElo "2380"]
[PlyCount "79"]
[EventDate "1980.12.28"]
[EventType "tourn"]
[EventRounds "7"]
[EventCountry "WLS"]
[SourceTitle "BritBase"]
[SourceDate "1999.11.01"]
[SourceVersionDate "1999.11.01"]
[SourceQuality "1"]

1. g3 e5 2. Bg2 Nf6 3. c4 d6 4. Nc3 g6 5. e3 Bg7 6. Nge2 O-O 7. O-O Nbd7 8. d3
c6 9. b4 a5 10. b5 c5 11. Rb1 Rb8 12. f4 exf4 13. gxf4 Nb6 14. e4 Ng4 15. f5
Qe7 16. h3 Ne5 17. Nf4 Qh4 18. Ncd5 Nxd5 19. Nxd5 gxf5 20. exf5 Bh6 21. Bf4
Bxf4 22. Rxf4 Qg5 23. d4 cxd4 24. Qxd4 f6 25. Rbf1 Kh8 26. Nc3 Rg8 27. R1f2 Rd8
28. c5 Bd7 29. cxd6 b6 30. Kh2 Rdc8 31. Bd5 Qh6 32. Be6 Rc5 33. Rh4 Qg5 34.
Bxd7 Rxc3 35. Qxc3 Qxh4 36. Rg2 Qf4+ 37. Kh1 Nxd7 38. Qc7 Re8 39. Qxd7 Re1+ 40.
Rg1 0-1

[Event "WLS-ch"]
[Site "Cardiff"]
[Date "1980.12.30"]
[Round "3"]
[White "Sully, David John"]
[Black "Cooper, John G"]
[Result "1/2-1/2"]
[WhiteElo "2185"]
[BlackElo "2368"]
[PlyCount "56"]
[EventDate "1980.12.28"]
[EventType "tourn"]
[EventRounds "7"]
[EventCountry "WLS"]
[SourceTitle "BritBase"]
[SourceDate "1999.11.01"]
[SourceVersionDate "1999.11.01"]
[SourceQuality "1"]

1. Nf3 Nf6 2. d4 d5 3. c4 e6 4. g3 Be7 5. Bg2 O-O 6. O-O dxc4 7. Qc2 a6 8. a4
Bd7 9. Qxc4 Bc6 10. Nc3 b5 11. Qb3 b4 12. Nb1 Bd5 13. Qd1 c5 14. dxc5 Bxc5 15.
Bf4 Nc6 16. Nbd2 Qb6 17. Qe1 Ne4 18. Nxe4 Bxe4 19. Nh4 Bxg2 20. Nxg2 Nd4 21.
Ne3 b3 22. Be5 Rac8 23. Nc4 Qc6 24. Na5 Qe4 25. Bxd4 Bxd4 26. Nxb3 Bxb2 27. Qb1
Qc2 28. Ra2 Qxb3 1/2-1/2

[Event "WLS-ch"]
[Site "Cardiff"]
[Date "1980.12.31"]
[Round "4"]
[White "Botterill, George Steven"]
[Black "Johnston, Dafydd"]
[Result "1-0"]
[WhiteElo "2430"]
[BlackElo "2300"]
[PlyCount "65"]
[EventDate "1980.12.28"]
[EventType "tourn"]
[EventRounds "7"]
[EventCountry "WLS"]
[SourceTitle "BritBase"]
[SourceDate "1999.11.01"]
[SourceVersionDate "1999.11.01"]
[SourceQuality "1"]

1. d4 Nf6 2. c4 e6 3. Nc3 Bb4 4. f3 c5 5. a3 Bxc3+ 6. bxc3 d6 7. e4 Nc6 8. Be3
b6 9. Bd3 Qd7 10. Ne2 Ba6 11. Ng3 Na5 12. e5 dxe5 13. dxe5 Rd8 14. exf6 Qxd3
15. Qxd3 Rxd3 16. fxg7 Rg8 17. Nh5 Ke7 18. Bg5+ f6 19. Bxf6+ Kf7 20. O-O Bxc4
21. Rfe1 Nc6 22. Rad1 Rd5 23. Rxd5 exd5 24. g4 b5 25. g5 d4 26. cxd4 cxd4 27.
Ng3 d3 28. Ne4 Kg6 29. Kf2 a5 30. h4 b4 31. h5+ Kxh5 32. Rh1+ Kg6 33. Rh6+ 1-0

[Event "WLS-ch"]
[Site "Cardiff"]
[Date "1980.12.31"]
[Round "4"]
[White "Cooper, John G"]
[Black "James, Stephen C"]
[Result "1-0"]
[WhiteElo "2368"]
[BlackElo "2080"]
[PlyCount "94"]
[EventDate "1980.12.28"]
[EventType "tourn"]
[EventRounds "7"]
[EventCountry "WLS"]
[SourceTitle "BritBase"]
[SourceDate "1999.11.01"]
[SourceVersionDate "1999.11.01"]
[SourceQuality "1"]

1. d4 g6 2. e4 Bg7 3. Nf3 d6 4. h3 c6 5. c3 Nd7 6. Nbd2 Ngf6 7. Bd3 Qc7 8. O-O
O-O 9. Re1 e5 10. a4 a5 11. Qb3 Re8 12. Qa2 Nh5 13. Bf1 Nb6 14. b3 Nf4 15. Nc4
Ne6 16. Be3 c5 17. d5 Nf8 18. Nxb6 Qxb6 19. Bb5 Bd7 20. Bxd7 Nxd7 21. Nd2 Qa6
22. Nc4 Bf8 23. Qe2 Nb6 24. Na3 Nc8 25. Qb5 Qxb5 26. Nxb5 Rd8 27. Kf1 Na7 28.
Na3 Rdb8 29. Nc4 b6 30. Ke2 Nc8 31. Kd3 Be7 32. f4 f6 33. g4 b5 34. axb5 Rxb5
35. Kc2 Bd8 36. Ra3 Rab8 37. Rea1 Kg7 38. h4 h6 39. Rg1 Bc7 40. Bc1 Kh7 41. Rf1
Kg7 42. g5 hxg5 43. hxg5 f5 44. Rd1 fxe4 45. fxe5 dxe5 46. d6 Bd8 47. Nxe5 R5b6
1-0

[Event "WLS-ch"]
[Site "Cardiff"]
[Date "1980.12.31"]
[Round "4"]
[White "Cunningham, Philip"]
[Black "Sully, David John"]
[Result "1/2-1/2"]
[WhiteElo "2216"]
[BlackElo "2185"]
[PlyCount "52"]
[EventDate "1980.12.28"]
[EventType "tourn"]
[EventRounds "7"]
[EventCountry "WLS"]
[SourceTitle "BritBase"]
[SourceDate "1999.11.01"]
[SourceVersionDate "1999.11.01"]
[SourceQuality "1"]

1. d4 Nf6 2. c4 g6 3. Nc3 d5 4. Nf3 Bg7 5. cxd5 Nxd5 6. e4 Nxc3 7. bxc3 c5 8.
Be3 Qa5 9. Qd2 O-O 10. Rc1 cxd4 11. cxd4 Qxd2+ 12. Nxd2 e6 13. Bb5 Bd7 14. Bxd7
Nxd7 15. Ke2 Rfc8 16. Nc4 Bf8 17. Kd3 b6 18. Bf4 f6 19. g4 e5 20. dxe5 b5 21.
Nd6 Rxc1 22. Rxc1 fxe5 23. Rc7 Rd8 24. Bg5 Nf6 25. Rc6 Kg7 26. Rc7+ Kg8 1/2-1/2

[Event "WLS-ch"]
[Site "Cardiff"]
[Date "1981.01.01"]
[Round "5"]
[White "James, Stephen C"]
[Black "Cunningham, Philip"]
[Result "1/2-1/2"]
[WhiteElo "2080"]
[BlackElo "2216"]
[PlyCount "38"]
[EventDate "1980.12.28"]
[EventType "tourn"]
[EventRounds "7"]
[EventCountry "WLS"]
[SourceTitle "BritBase"]
[SourceDate "1999.11.01"]
[SourceVersionDate "1999.11.01"]
[SourceQuality "1"]

1. e4 g6 2. Nc3 Bg7 3. g3 c5 4. Bg2 Nc6 5. d3 e6 6. Nge2 Nge7 7. O-O O-O 8. a3
d6 9. Rb1 a5 10. a4 Nd4 11. Nxd4 cxd4 12. Nb5 f5 13. c3 Nc6 14. Qb3 Qe7 15. f4
Kh8 16. Bd2 dxc3 17. bxc3 e5 18. Rbe1 Be6 19. Qa3 Rad8 1/2-1/2

[Event "WLS-ch"]
[Site "Cardiff"]
[Date "1981.01.01"]
[Round "5"]
[White "Johnston, Dafydd"]
[Black "Cooper, John G"]
[Result "0-1"]
[WhiteElo "2300"]
[BlackElo "2368"]
[PlyCount "54"]
[EventDate "1980.12.28"]
[EventType "tourn"]
[EventRounds "7"]
[EventCountry "WLS"]
[SourceTitle "BritBase"]
[SourceDate "1999.11.01"]
[SourceVersionDate "1999.11.01"]
[SourceQuality "1"]

1. e4 c6 2. d4 d5 3. exd5 cxd5 4. c4 Nf6 5. c5 g6 6. Nf3 Bg7 7. Bb5+ Bd7 8.
Bxd7+ Qxd7 9. O-O O-O 10. Nc3 Nc6 11. Re1 Qf5 12. a3 Rad8 13. Be3 Ne4 14. Rc1
Nxc5 15. dxc5 d4 16. Nxd4 Nxd4 17. b4 Nb5 18. Nxb5 Rxd1 19. Rexd1 a6 20. Nd4
Qe4 21. c6 bxc6 22. Nxc6 Bb2 23. Rc5 Kg7 24. a4 Rc8 25. b5 Qxa4 26. Rcd5 axb5
27. Nxe7 Rc7 0-1

[Event "WLS-ch"]
[Site "Cardiff"]
[Date "1981.01.01"]
[Round "5"]
[White "Jones, Iolo Cerredig"]
[Black "Botterill, George Steven"]
[Result "0-1"]
[WhiteElo "2380"]
[BlackElo "2430"]
[PlyCount "158"]
[EventDate "1980.12.28"]
[EventType "tourn"]
[EventRounds "7"]
[EventCountry "WLS"]
[SourceTitle "BritBase"]
[SourceDate "1999.11.01"]
[SourceVersionDate "1999.11.01"]
[SourceQuality "1"]

1. c4 Nf6 2. Nc3 e6 3. e4 c5 4. e5 Ng8 5. Nf3 Nc6 6. d4 cxd4 7. Nxd4 Nxe5 8.
Ndb5 a6 9. Nd6+ Bxd6 10. Qxd6 f6 11. Be3 Ne7 12. Qa3 Nf5 13. Rd1 Nxe3 14. fxe3
Qe7 15. c5 O-O 16. Be2 Rb8 17. O-O b6 18. b4 bxc5 19. bxc5 Bb7 20. Rd6 f5 21.
Nd1 Qg5 22. Rf2 Bc6 23. Qc3 Ng4 24. Bxg4 fxg4 25. Rdd2 g3 26. hxg3 Qxg3 27. Qd3
a5 28. Nc3 h6 29. Nd1 Rxf2 30. Rxf2 Rf8 31. Rxf8+ Kxf8 32. Qd2 Ke8 33. Nb2 Qg5
34. Nc4 a4 35. Na5 Qxc5 36. Nxc6 Qxc6 37. Qd4 Kf7 38. Qf4+ Kg8 39. Qb8+ Kh7 40.
Qb1+ Kg8 41. Qb8+ Kh7 42. Qb1+ g6 43. Qb4 d6 44. Kh2 e5 45. Qh4 g5 46. Qg4 Qe8
47. Qe4+ Kg7 48. Qb7+ Kf6 49. Qf3+ Kg7 50. Qb7+ Kf6 51. Qf3+ Ke7 52. Qg4 Qd7
53. Qe4 Kf6 54. Qf3+ Kg7 55. Qe4 h5 56. Qd5 h4 57. Qe4 g4 58. Kg1 Kf6 59. Qa8
Kf5 60. Kf2 d5 61. Qf8+ Ke4 62. Qb4+ d4 63. Qb1+ d3 64. Qb4+ Kf5 65. Qf8+ Kg6
66. Ke1 Qd5 67. Qe8+ Kf5 68. Qxa4 Qb7 69. Kd2 Qxg2+ 70. Kxd3 Qd5+ 71. Ke2 h3
72. Qa7 Qg2+ 73. Kd3 Qd5+ 74. Ke2 Kg6 75. Qb6+ Kg5 76. Qa7 Kh4 77. Ke1 h2 78.
Qh7+ Kg3 79. e4 Qxa2 0-1

[Event "WLS-ch"]
[Site "Cardiff"]
[Date "1981.01.01"]
[Round "5"]
[White "Sully, David John"]
[Black "Williams, A Howard"]
[Result "0-1"]
[WhiteElo "2185"]
[BlackElo "2415"]
[PlyCount "82"]
[EventDate "1980.12.28"]
[EventType "tourn"]
[EventRounds "7"]
[EventCountry "WLS"]
[SourceTitle "BritBase"]
[SourceDate "1999.11.01"]
[SourceVersionDate "1999.11.01"]
[SourceQuality "1"]

1. Nf3 Nf6 2. c4 b6 3. g3 c5 4. Bg2 Bb7 5. O-O e6 6. Nc3 Be7 7. Re1 d5 8. cxd5
exd5 9. d4 O-O 10. Bg5 Na6 11. Bxf6 Bxf6 12. Qd2 Qd7 13. Rad1 Rad8 14. e3 Rfe8
15. b3 Nc7 16. dxc5 bxc5 17. Na4 Qb5 18. Qc2 Ne6 19. Bf1 Qb4 20. Nd2 c4 21. Rc1
Rc8 22. bxc4 dxc4 23. Rb1 Qe7 24. Bxc4 Ba8 25. Qb3 Qd7 26. Red1 Qc6 27. e4 Nd4
28. Bxf7+ Kh8 29. Bxe8 Qxe8 30. Qb4 h6 31. Nc5 Ne2+ 32. Kf1 Nc3 33. Rdc1 Nxb1
34. Rxb1 Qh5 35. Ndb3 Qxh2 36. Rd1 Qh1+ 37. Ke2 Qh5+ 38. Ke1 a5 39. Qxa5 Bxe4
40. Nxe4 Qh1+ 41. Kd2 Qxe4 0-1

[Event "WLS-ch"]
[Site "Cardiff"]
[Date "1981.01.02"]
[Round "6"]
[White "Cooper, John G"]
[Black "Jones, Iolo Cerredig"]
[Result "1-0"]
[WhiteElo "2368"]
[BlackElo "2380"]
[PlyCount "69"]
[EventDate "1980.12.28"]
[EventType "tourn"]
[EventRounds "7"]
[EventCountry "WLS"]
[SourceTitle "BritBase"]
[SourceDate "1999.11.01"]
[SourceVersionDate "1999.11.01"]
[SourceQuality "1"]

1. d4 Nf6 2. c4 d6 3. Nf3 c6 4. Nc3 Bg4 5. e4 Nbd7 6. Be2 e5 7. Be3 Be7 8. d5
cxd5 9. cxd5 O-O 10. h3 Bxf3 11. Bxf3 Qa5 12. O-O Rfc8 13. Qd2 Nb6 14. Nb1 Qxd2
15. Nxd2 Na4 16. Rfc1 Nxb2 17. Rcb1 Rc2 18. a4 Rac8 19. Ra2 Rc1+ 20. Rxc1 Rxc1+
21. Kh2 Nd3 22. Bxa7 Nd7 23. Be2 N7c5 24. Nb3 Nxb3 25. Bxd3 Rc3 26. Bb5 Bd8 27.
Rb2 Kf8 28. Be3 b6 29. Ra2 Nd4 30. Ba6 Rb3 31. Bd2 Ke7 32. Bc8 Rb1 33. Be3 Nb3
34. f4 exf4 35. Bxf4 {Black lost on Time} 1-0

[Event "WLS-ch"]
[Site "Cardiff"]
[Date "1981.01.02"]
[Round "6"]
[White "Cunningham, Philip"]
[Black "Johnston, Dafydd"]
[Result "1/2-1/2"]
[WhiteElo "2216"]
[BlackElo "2300"]
[PlyCount "96"]
[EventDate "1980.12.28"]
[EventType "tourn"]
[EventRounds "7"]
[EventCountry "WLS"]
[SourceTitle "BritBase"]
[SourceDate "1999.11.01"]
[SourceVersionDate "1999.11.01"]
[SourceQuality "1"]

1. d4 Nf6 2. c4 e6 3. Nc3 Bb4 4. g3 c5 5. Nf3 cxd4 6. Nxd4 Bxc3+ 7. bxc3 Qa5 8.
Nb5 O-O 9. Ba3 a6 10. Bxf8 Kxf8 11. Qd6+ Kg8 12. Qc7 Qxc7 13. Nxc7 Ra7 14. Bg2
Kf8 15. O-O Ke7 16. e4 Kd8 17. Nd5 exd5 18. cxd5 d6 19. f4 b5 20. e5 Ne8 21.
Rfe1 Rc7 22. Re3 g6 23. a4 bxa4 24. Rxa4 Nd7 25. Rb4 a5 26. Rb1 a4 27. h3 Ra7
28. g4 Nc5 29. c4 Rb7 30. Rxb7 Bxb7 31. Kf2 Bc8 32. Ke1 Kc7 33. Kd2 Kb6 34. Ra3
Ka5 35. Kc3 Nd7 36. e6 fxe6 37. dxe6 Nc5 38. Bc6 Ng7 39. e7 Bd7 40. Bxd7 Nxd7
41. Kd4 Kb4 42. Ra1 Nc5 43. Rf1 Ne8 44. h4 a3 45. h5 a2 46. Kd5 Kb3 47. h6 Kb2
48. Rf2+ Kb1 1/2-1/2

[Event "WLS-ch"]
[Site "Cardiff"]
[Date "1981.01.02"]
[Round "6"]
[White "Sully, David John"]
[Black "James, Stephen C"]
[Result "1/2-1/2"]
[WhiteElo "2185"]
[BlackElo "2080"]
[PlyCount "124"]
[EventDate "1980.12.28"]
[EventType "tourn"]
[EventRounds "7"]
[EventCountry "WLS"]
[SourceTitle "BritBase"]
[SourceDate "1999.11.01"]
[SourceVersionDate "1999.11.01"]
[SourceQuality "1"]

1. Nf3 g6 2. d4 Bg7 3. e4 d6 4. Nbd2 c6 5. Be2 Nd7 6. O-O Qc7 7. c3 Ngf6 8. Re1
O-O 9. Bf1 e5 10. a4 a5 11. b3 Re8 12. Qc2 b6 13. Ba3 Bb7 14. Rad1 d5 15. dxe5
Nxe5 16. Nxe5 Qxe5 17. Nf3 Qf4 18. Bc1 Qc7 19. exd5 Nxd5 20. Bd2 Rad8 21. c4
Nb4 22. Rxe8+ Rxe8 23. Bxb4 axb4 24. c5 Bc3 25. Bc4 Bc8 26. cxb6 Qxb6 27. Ng5
Re7 28. Qd3 Bf5 29. Qd8+ Qxd8 30. Rxd8+ Kg7 31. h3 Re1+ 32. Kh2 Be5+ 33. g3 Bf6
34. Nf3 Rh1+ 35. Kxh1 Bxd8 36. Nd4 Be4+ 37. f3 Bb6 38. fxe4 Bxd4 39. Kg2 f5 40.
exf5 gxf5 41. Kf3 Kf6 42. a5 Ke5 43. a6 h6 44. Bf7 Ba7 45. Be8 c5 46. Bb5 Bb6
47. Bc4 Ba7 48. g4 Bb8 49. h4 Kf6 50. gxf5 Kxf5 51. Bd3+ Kf6 52. Ke4 Ke6 53.
Bc4+ Kd6 54. Kf5 Kc6 55. a7 Bxa7 56. Kg6 Kd6 57. Kxh6 Ke7 58. Kg6 Bb8 59. Kf5
Bg3 60. h5 Bf2 61. Kg6 Bd4 62. h6 Kf8 1/2-1/2

[Event "WLS-ch"]
[Site "Cardiff"]
[Date "1981.01.02"]
[Round "6"]
[White "Williams, A Howard"]
[Black "Botterill, George Steven"]
[Result "1-0"]
[WhiteElo "2415"]
[BlackElo "2430"]
[PlyCount "81"]
[EventDate "1980.12.28"]
[EventType "tourn"]
[EventRounds "7"]
[EventCountry "WLS"]
[SourceTitle "BritBase"]
[SourceDate "1999.11.01"]
[SourceVersionDate "1999.11.01"]
[SourceQuality "1"]

1. d4 Nf6 2. c4 g6 3. Nc3 Bg7 4. e4 O-O 5. Nf3 d6 6. Be2 e5 7. O-O Nc6 8. d5
Ne7 9. Ne1 Nd7 10. Nd3 f5 11. Bd2 fxe4 12. Nxe4 Nf6 13. Nxf6+ Bxf6 14. Bf3 Bf5
15. Qe2 c6 16. dxc6 Nxc6 17. Bc3 Qb6 18. Rad1 Rae8 19. Bd5+ Kg7 20. Kh1 Qc7 21.
Nb4 Nd4 22. Qd2 a5 23. Nd3 b6 24. Rfe1 h6 25. f3 Kh7 26. b3 Bh4 27. Rf1 Bg5 28.
Qb2 h5 29. Nf2 Nc2 30. g4 hxg4 31. fxg4 Ne3 32. gxf5 Rxf5 33. Ne4 Bf4 34. Rde1
Nxf1 35. Rxf1 Kg7 36. Bd2 Bxd2 37. Rxf5 gxf5 38. Qxd2 Qe7 39. Qg2+ Kh6 40. Bf7
Qxf7 41. Qg5+ 1-0

[Event "WLS-ch"]
[Site "Cardiff"]
[Date "1981.01.03"]
[Round "7"]
[White "Botterill, George Steven"]
[Black "Cooper, John G"]
[Result "1-0"]
[WhiteElo "2430"]
[BlackElo "2368"]
[PlyCount "75"]
[EventDate "1980.12.28"]
[EventType "tourn"]
[EventRounds "7"]
[EventCountry "WLS"]
[SourceTitle "BritBase"]
[SourceDate "1999.11.01"]
[SourceVersionDate "1999.11.01"]
[SourceQuality "1"]

1. d4 Nf6 2. c4 g6 3. Nc3 Bg7 4. e4 d6 5. Nf3 O-O 6. Be3 c6 7. Be2 a6 8. O-O b5
9. cxb5 axb5 10. a3 Nbd7 11. d5 Bb7 12. dxc6 Bxc6 13. Nd4 Bxe4 14. Nxe4 Nxe4
15. Bxb5 Nb8 16. a4 e6 17. Rc1 d5 18. b4 Qe7 19. Qb3 Rd8 20. Rc2 Nd6 21. Nc6
Nxc6 22. Bxc6 Rac8 23. Bb6 Rf8 24. a5 Be5 25. f4 Nc4 26. Rxc4 dxc4 27. Qxc4 Bb8
28. b5 Ba7 29. Qd4 Rfd8 30. Qe3 Bxb6 31. Qxb6 Rb8 32. Qe3 Qb4 33. a6 Rxb5 34.
Bxb5 Qxb5 35. a7 Qa6 36. Rb1 Qd6 37. Qb6 Qxb6+ 38. Rxb6 1-0